[Event "First Saturday 2006 augusztus FM-B"]
[Site "Budapest"]
[Date "2006.08.14"]
[Round "10"]
[White "Papp, Jozsef"]
[Black "Nagy, Aron"]
[Result "0-1"]
[WhiteElo "1889"]
[BlackElo "1922"]
[PlyCount "74"]
[EventDate "2006.08.05"]

1. Nf3 d5 2. d4 Nc6 3. a3 Bg4 4. e3 e5 5. Be2 e4 6. Nfd2 Bxe2 7. Qxe2 f5 8. Qb5
Rb8 9. c4 a6 10. Qa4 Nf6 11. Nc3 Be7 12. g3 Qd7 13. c5 O-O 14. b4 f4 15. Qb3
fxe3 16. fxe3 Kh8 17. Bb2 Rbd8 18. O-O-O Ng4 19. Rdf1 Rxf1+ 20. Nxf1 Bg5 21.
Nd1 Rf8 22. Kb1 Ne7 23. Qc2 Qf5 24. Bc3 Qf3 25. Rg1 Bxe3 26. Nfxe3 Nxe3 27.
Nxe3 Qxe3 28. Re1 Qf3 29. Re2 h6 30. Kb2 Qf1 31. Re1 Qc4 32. Qe2 Qxe2+ 33. Rxe2
Rf3 34. Kc2 Kg8 35. a4 c6 36. Bb2 Nf5 37. Kd2 Nxd4 0-1

[Event "First Saturday 2006 augusztus FM-B"]
[Site "Budapest"]
[Date "2006.08.14"]
[Round "10"]
[White "Katona, Gabor Zsolt"]
[Black "Martin, Bela"]
[Result "0-1"]
[WhiteElo "2064"]
[BlackElo "2027"]
[PlyCount "64"]
[EventDate "2006.08.05"]

1. e4 c5 2. Nf3 Nc6 3. d4 cxd4 4. Nxd4 Nf6 5. Nc3 e5 6. Ndb5 d6 7. Bg5 a6 8.
Na3 b5 9. Bxf6 gxf6 10. Nd5 f5 11. Bd3 Be6 12. c3 Bg7 13. O-O Bxd5 14. exd5 Ne7
15. c4 e4 16. Be2 Bxb2 17. Nc2 bxc4 18. Ne3 O-O 19. Kh1 f4 20. Nxc4 Bxa1 21.
Qxa1 f5 22. Qd4 Ng6 23. Bh5 Qf6 24. Qd2 Ne5 25. Be2 Nxc4 26. Bxc4 Qe5 27. f3
Rab8 28. Bb3 e3 29. Qe2 Rb4 30. Re1 Rd4 31. Qxa6 Rd2 32. Bd1 Kh8 0-1

[Event "First Saturday 2006 augusztus FM-B"]
[Site "Budapest"]
[Date "2006.08.14"]
[Round "10"]
[White "Zoldy, Robert"]
[Black "Surinya, Tibor"]
[Result "1/2-1/2"]
[WhiteElo "2003"]
[BlackElo "1858"]
[PlyCount "49"]
[EventDate "2006.08.05"]

1. e4 e6 2. d4 d5 3. Nc3 Nf6 4. Bg5 dxe4 5. Nxe4 Be7 6. Bxf6 gxf6 7. c4 b6 8.
Nf3 Bb7 9. Qa4+ Qd7 10. Qxd7+ Nxd7 11. Ned2 c5 12. O-O-O O-O-O 13. Be2 cxd4 14.
Nxd4 Nc5 15. N2f3 Rhg8 16. g3 Ne4 17. Rhf1 Bc5 18. a3 a5 19. Kc2 e5 20. Nf5
Nxf2 21. Rxf2 Bxf2 22. Ne7+ Kc7 23. Nxg8 Rxg8 24. Nh4 Be4+ 25. Kb3 1/2-1/2

[Event "First Saturday 2006 augusztus FM-B"]
[Site "Budapest"]
[Date "2006.08.14"]
[Round "10"]
[White "Teglas, Balazs"]
[Black "Szepes, Tamas"]
[Result "0-1"]
[WhiteElo "2041"]
[BlackElo "1937"]
[PlyCount "52"]
[EventDate "2006.08.05"]

1. d4 d5 2. Nf3 c6 3. c4 Nf6 4. Nc3 e6 5. cxd5 exd5 6. Qc2 Bd6 7. Bg5 O-O 8. e3
h6 9. Bh4 Be6 10. Bd3 Nbd7 11. O-O Qc7 12. Bg3 a6 13. Rab1 c5 14. Bxd6 Qxd6 15.
dxc5 Nxc5 16. Be2 Rac8 17. Rfd1 Qe7 18. Rbc1 Nce4 19. Qd3 Nxc3 20. Rxc3 Rxc3
21. Qxc3 Rc8 22. Qd4 Bg4 23. a3 Qe4 24. Qb6 Rc2 25. Bd3 Qxd3 26. Qd8+ Kh7 0-1

[Event "First Saturday 2006 augusztus FM-B"]
[Site "Budapest"]
[Date "2006.08.15"]
[Round "11"]
[White "Szepes, Tamas"]
[Black "Neuberg, Hans-Gerhard"]
[Result "0-1"]
[WhiteElo "1937"]
[BlackElo "1966"]
[PlyCount "62"]
[EventDate "2006.08.05"]

1. d4 Nf6 2. c4 g6 3. Nc3 Bg7 4. e4 d6 5. Bd3 O-O 6. Nge2 Nbd7 7. O-O e5 8. d5
Nc5 9. f4 Nxd3 10. Qxd3 exf4 11. Bxf4 Ng4 12. b3 f5 13. Rae1 g5 14. h3 fxe4 15.
Nxe4 Ne5 16. Bxe5 Bxe5 17. Rxf8+ Kxf8 18. Rf1+ Kg8 19. Qf3 Bd7 20. Qf7+ Kh8 21.
Rf6 Bxf6 22. Nxf6 Bf5 23. g4 Qf8 24. Qxc7 Qxf6 25. gxf5 Re8 26. Ng3 Qd4+ 27.
Kg2 Qd2+ 28. Kf3 Re3+ 29. Kg4 Re4+ 30. Kf3 Re3+ 31. Kg4 Qd4+ 0-1

[Event "First Saturday 2006 augusztus FM-B"]
[Site "Budapest"]
[Date "2006.08.15"]
[Round "11"]
[White "Adorjan, Attila"]
[Black "Teglas, Balazs"]
[Result "1/2-1/2"]
[WhiteElo "1940"]
[BlackElo "2041"]
[PlyCount "56"]
[EventDate "2006.08.05"]

1. e4 c5 2. Nf3 d6 3. d4 cxd4 4. Nxd4 Nf6 5. f3 e5 6. Nb3 d5 7. Bg5 dxe4 8.
Qxd8+ Kxd8 9. fxe4 Be7 10. Nc3 Be6 11. O-O-O+ Nbd7 12. Bxf6 gxf6 13. Nd5 f5 14.
Nxe7 Kxe7 15. exf5 Bxf5 16. Bd3 Bxd3 17. Rxd3 Rhg8 18. g3 Rad8 19. Na5 Rb8 20.
Rb3 Nc5 21. Rb5 Rgc8 22. b4 Nd3+ 23. Kd2 a6 24. Rb6 Nb2 25. Rxb7+ Rxb7 26. Nxb7
Nc4+ 27. Kd3 Nb2+ 28. Kd2 Nc4+ 1/2-1/2

[Event "First Saturday 2006 augusztus FM-B"]
[Site "Budapest"]
[Date "2006.08.15"]
[Round "11"]
[White "Martin, Bela"]
[Black "Zoldy, Robert"]
[Result "0-1"]
[WhiteElo "2027"]
[BlackElo "2003"]
[PlyCount "82"]
[EventDate "2006.08.05"]

1. e4 c5 2. Nf3 d6 3. d4 cxd4 4. Nxd4 Nf6 5. Nc3 g6 6. Be3 Bg7 7. f3 O-O 8. Qd2
Nc6 9. Bc4 Bd7 10. O-O-O Rc8 11. Bb3 Ne5 12. Kb1 Nc4 13. Bxc4 Rxc4 14. g4 Qb8
15. g5 Nh5 16. Nce2 Rfc8 17. c3 b5 18. Ng3 b4 19. cxb4 Rxb4 20. Nxh5 gxh5 21.
Rc1 Rc5 22. Rxc5 dxc5 23. Nb3 Qe5 24. Bxc5 Rxe4 25. Bd4 Bf5 26. Ka1 Rxd4 27.
Nxd4 Qxd4 28. Qxd4 Bxd4 29. Rd1 Be3 30. h4 Bf2 31. a4 Bxh4 32. Rh1 Bxg5 33. Rg1
f6 34. f4 h6 35. b4 Kf7 36. fxg5 hxg5 37. b5 h4 38. a5 Bd3 39. b6 axb6 40. axb6
Ba6 41. Kb2 Bb7 0-1

[Event "First Saturday 2006 augusztus FM-B"]
[Site "Budapest"]
[Date "2006.08.15"]
[Round "11"]
[White "Nagy, Aron"]
[Black "Katona, Gabor Zsolt"]
[Result "1/2-1/2"]
[WhiteElo "1922"]
[BlackElo "2064"]
[PlyCount "79"]
[EventDate "2006.08.05"]

1. d4 Nf6 2. c4 g6 3. Nc3 Bg7 4. e4 d6 5. Nf3 Bg4 6. Be2 Nbd7 7. h3 Bxf3 8.
Bxf3 e5 9. Be3 O-O 10. O-O exd4 11. Bxd4 Ne5 12. Bxe5 dxe5 13. Qxd8 Raxd8 14.
Nd5 c6 15. Nxf6+ Bxf6 16. Rad1 Rd4 17. Rxd4 exd4 18. Be2 b6 19. Bd3 Be7 20. Re1
Re8 21. Re2 Bd6 22. Kf1 f6 23. a3 Kf7 24. g3 h6 25. Kg2 g5 26. Kf1 h5 27. Kg2
Rg8 28. Kf1 h4 29. g4 Rb8 30. a4 Ke6 31. Kg2 Bf4 32. Rc2 Kd6 33. b4 c5 34. b5
a6 35. bxa6 Ra8 36. Ra2 Rxa6 37. Kf3 Be5 38. Ke2 Kc6 39. Bc2 Ra7 40. Kd3
1/2-1/2

[Event "First Saturday 2006 augusztus FM-B"]
[Site "Budapest"]
[Date "2006.08.15"]
[Round "11"]
[White "Dobos, Otto"]
[Black "Papp, Jozsef"]
[Result "1/2-1/2"]
[WhiteElo "1864"]
[BlackElo "1889"]
[PlyCount "124"]
[EventDate "2006.08.05"]

1. d4 d5 2. Bf4 e6 3. e3 Bd6 4. c3 Bxf4 5. exf4 Nf6 6. g3 Qd6 7. Nd2 c5 8. dxc5
Qxc5 9. Bg2 Nc6 10. Ngf3 O-O 11. O-O b6 12. Nb3 Qd6 13. Re1 Bb7 14. Ne5 Rad8
15. Qe2 Ne7 16. Nd4 Qb8 17. Rad1 Nd7 18. Qg4 Nf6 19. Qh4 Qc8 20. Bh3 Kh8 21.
Nxf7+ Rxf7 22. Bxe6 Ng6 23. Bxc8 Nxh4 24. Bxb7 Rxb7 25. gxh4 Kg8 26. Nc6 Rdd7
27. Rd4 Rbc7 28. Nb4 a5 29. Nd3 Rc4 30. Rxc4 dxc4 31. Ne5 Rc7 32. Kg2 Kf8 33.
Kf3 b5 34. Rd1 Ke7 35. h3 Rc8 36. Ng4 Nd7 37. Rd5 Rc5 38. Rd4 Rh5 39. Kg3 Rc5
40. f3 g6 41. a3 Rf5 42. Ne3 Rc5 43. Rd5 Rxd5 44. Nxd5+ Kd6 45. Ne3 Nc5 46. f5
Nd3 47. fxg6 hxg6 48. Nd1 Ke5 49. Kg4 Kf6 50. h5 Ne5+ 51. Kf4 gxh5 52. h4 Nd3+
53. Ke3 Ke5 54. b3 Nf4 55. bxc4 bxc4 56. Kf2 Nd5 57. Ne3 Nb6 58. Kg3 a4 59. Kf2
Kf4 60. Ng2+ Ke5 61. Ke2 Nd5 62. Kd2 Kf6 1/2-1/2

[Event "First Saturday 2006 augusztus FM-B"]
[Site "Budapest"]
[Date "2006.08.15"]
[Round "11"]
[White "Lakat, Gyula"]
[Black "Kormos, Adam"]
[Result "0-1"]
[WhiteElo "2005"]
[BlackElo "2021"]
[PlyCount "68"]
[EventDate "2006.08.05"]

1. e4 c5 2. Nf3 d6 3. d4 cxd4 4. Nxd4 Nf6 5. Nc3 g6 6. Be2 Bg7 7. O-O Nc6 8.
Be3 O-O 9. h3 Nd7 10. Qd2 Nb6 11. a4 Ne5 12. b3 a5 13. Rad1 Bd7 14. f4 Nc6 15.
f5 Rc8 16. Ncb5 Nb4 17. c3 Na6 18. c4 Bxb5 19. axb5 Nc5 20. Bf3 a4 21. Bh6 Nxb3
22. Nxb3 Nxc4 23. Qf4 axb3 24. Bxg7 Kxg7 25. Kh1 f6 26. fxg6 hxg6 27. Bg4 Rc5
28. Be6 Qb6 29. Rd3 Qxb5 30. Rb1 b2 31. Qf2 Na3 32. Rb3 Rc1+ 33. Qg1 Rxg1+ 34.
Rxg1 Qxb3 0-1

[Event "First Saturday 2006 augusztus FM-B"]
[Site "Budapest"]
[Date "2006.08.16"]
[Round "12"]
[White "Neuberg, Hans-Gerhard"]
[Black "Kormos, Adam"]
[Result "1/2-1/2"]
[WhiteElo "1966"]
[BlackElo "2021"]
[PlyCount "31"]
[EventDate "2006.08.05"]

1. e4 c6 2. d4 d5 3. e5 Bf5 4. h4 h5 5. c4 e6 6. Nc3 Bb4 7. Qb3 Qb6 8. c5 Bxc3+
9. Qxc3 Qc7 10. Bd3 Ne7 11. Nf3 Bxd3 12. Qxd3 Nd7 13. O-O Nf5 14. g3 O-O-O 15.
b4 Rdg8 16. Bf4 1/2-1/2

[Event "First Saturday 2006 augusztus FM-B"]
[Site "Budapest"]
[Date "2006.08.16"]
[Round "12"]
[White "Papp, Jozsef"]
[Black "Lakat, Gyula"]
[Result "1-0"]
[WhiteElo "1889"]
[BlackElo "2005"]
[PlyCount "111"]
[EventDate "2006.08.05"]

1. Nf3 g6 2. d4 Bg7 3. e4 d6 4. Be2 c5 5. O-O b6 6. d5 a6 7. c4 Nd7 8. Qd3 b5
9. Nc3 b4 10. Nd1 a5 11. Rb1 a4 12. b3 a3 13. Bf4 f6 14. Bg3 Nh6 15. h3 O-O 16.
Ne3 f5 17. exf5 gxf5 18. Bf4 Ne5 19. Qc2 Ng6 20. Bg5 f4 21. Bxh6 Bxh6 22. Ng4
Bxg4 23. hxg4 Ne5 24. Nxe5 dxe5 25. Qe4 Bg7 26. Bd3 Ra6 27. Qxh7+ Kf7 28. Qh5+
Kg8 29. Bg6 Rff6 30. Qh7+ Kf8 31. Bh5 Qd7 32. f3 Rh6 33. Qe4 e6 34. Rbd1 Qb7
35. d6 Qxe4 36. fxe4 Bf6 37. Rd3 Ra8 38. Kf2 Rd8 39. d7 Be7 40. Kf3 Kg7 41. g3
Rf6 42. Kg2 Kh6 43. gxf4 exf4 44. e5 Rff8 45. Kf3 Kg5 46. Ke4 Rb8 47. Rdf3 Rbd8
48. Be8 Kxg4 49. Rxf4+ Rxf4+ 50. Rxf4+ Kg3 51. Rf6 Kg2 52. Rxe6 Bh4 53. Rf6 Ra8
54. Rf7 Ra6 55. Kd5 Rh6 56. Kxc5 1-0

[Event "First Saturday 2006 augusztus FM-B"]
[Site "Budapest"]
[Date "2006.08.16"]
[Round "12"]
[White "Katona, Gabor Zsolt"]
[Black "Dobos, Otto"]
[Result "1-0"]
[WhiteElo "2064"]
[BlackElo "1864"]
[PlyCount "41"]
[EventDate "2006.08.05"]

1. e4 e5 2. Nf3 d6 3. d4 exd4 4. Nxd4 Nf6 5. Nc3 Be7 6. Be2 O-O 7. O-O a6 8. f4
Nbd7 9. Bf3 c5 10. Nf5 Nb6 11. Ne3 Qc7 12. b3 c4 13. Bb2 cxb3 14. cxb3 Rd8 15.
Rc1 Qd7 16. Qd4 d5 17. Qxb6 dxe4 18. Ncd5 exf3 19. Nxf6+ Bxf6 20. Bxf6 gxf6 21.
Rfd1 1-0

[Event "First Saturday 2006 augusztus FM-B"]
[Site "Budapest"]
[Date "2006.08.16"]
[Round "12"]
[White "Teglas, Balazs"]
[Black "Surinya, Tibor"]
[Result "1-0"]
[WhiteElo "2041"]
[BlackElo "1858"]
[PlyCount "55"]
[EventDate "2006.08.05"]

1. e4 c5 2. Nf3 d6 3. d4 cxd4 4. Nxd4 Nf6 5. Nc3 a6 6. Be2 e5 7. Nb3 Be6 8. Bg5
Be7 9. Qd2 Nc6 10. O-O-O Na5 11. Kb1 b5 12. Bxf6 Nxb3 13. cxb3 gxf6 14. Nd5
Bxd5 15. Qxd5 Rg8 16. Rd3 Rc8 17. Bh5 Rg7 18. Rg3 Rc5 19. Rxg7 Rxd5 20. exd5
Qb6 21. Rxf7 Kd8 22. Bg4 Qd4 23. Bf5 Qf4 24. g4 Ke8 25. Rxh7 Qg5 26. Rc1 Bd8
27. Rc8 Qd2 28. Bd7+ 1-0

[Event "First Saturday 2006 augusztus FM-B"]
[Site "Budapest"]
[Date "2006.08.16"]
[Round "12"]
[White "Szepes, Tamas"]
[Black "Adorjan, Attila"]
[Result "1-0"]
[WhiteElo "1937"]
[BlackElo "1940"]
[PlyCount "55"]
[EventDate "2006.08.05"]

1. d4 d5 2. c4 c6 3. cxd5 cxd5 4. Nc3 Nc6 5. e3 e6 6. Bd3 Nf6 7. Nf3 Bd6 8. O-O
O-O 9. Re1 Bb4 10. Qc2 Re8 11. a3 Bxc3 12. Qxc3 Ne4 13. Bxe4 dxe4 14. Nd2 e5
15. Nxe4 exd4 16. exd4 Bf5 17. Bg5 f6 18. Ng3 Rxe1+ 19. Rxe1 Nxd4 20. Be3 Nc2
21. Nxf5 Nxe1 22. Qxe1 Qd3 23. Nd4 Kf7 24. h3 Re8 25. Qc1 Re4 26. Qc7+ Kg6 27.
Qg3+ Kf7 28. Nf5 1-0

[Event "First Saturday 2006 augusztus FM-B"]
[Site "Budapest"]
[Date "2006.08.17"]
[Round "13"]
[White "Surinya, Tibor"]
[Black "Szepes, Tamas"]
[Result "0-1"]
[WhiteElo "1858"]
[BlackElo "1937"]
[PlyCount "70"]
[EventDate "2006.08.05"]

1. d4 d5 2. c4 e6 3. Nc3 Nf6 4. cxd5 exd5 5. Bg5 c6 6. e3 Be7 7. Bd3 h6 8. Bh4
O-O 9. Qc2 Bg4 10. h3 Be6 11. Nf3 Nbd7 12. O-O c5 13. dxc5 Nxc5 14. Bf5 Rc8 15.
Nd4 Nfe4 16. Bxe7 Qxe7 17. Bxe6 fxe6 18. Nxe4 Nxe4 19. Qd3 Qf6 20. f3 Nc5 21.
Qd2 Kh8 22. Rac1 e5 23. Nb5 Qb6 24. Nc3 d4 25. exd4 exd4 26. Qxd4 Rfd8 27. Qf2
Rd2 28. Qxd2 Ne4+ 29. Qf2 Nxf2 30. Rxf2 Rd8 31. Rcc2 h5 32. Ne4 Qe3 33. Rce2
Rd1+ 34. Kh2 Qf4+ 35. g3 Qc1 0-1

[Event "First Saturday 2006 augusztus FM-B"]
[Site "Budapest"]
[Date "2006.08.17"]
[Round "13"]
[White "Martin, Bela"]
[Black "Teglas, Balazs"]
[Result "1/2-1/2"]
[WhiteElo "2027"]
[BlackElo "2041"]
[PlyCount "27"]
[EventDate "2006.08.05"]

1. d4 d5 2. c4 c6 3. cxd5 cxd5 4. Nf3 Nf6 5. Bf4 Bf5 6. e3 e6 7. Nc3 a6 8. Bd3
Bxd3 9. Qxd3 Nc6 10. O-O Bd6 11. Bg3 O-O 12. Rfd1 Bxg3 13. hxg3 Rc8 14. Rac1
1/2-1/2

[Event "First Saturday 2006 augusztus FM-B"]
[Site "Budapest"]
[Date "2006.08.17"]
[Round "13"]
[White "Dobos, Otto"]
[Black "Zoldy, Robert"]
[Result "1/2-1/2"]
[WhiteElo "1864"]
[BlackElo "2003"]
[PlyCount "58"]
[EventDate "2006.08.05"]

1. d4 Nf6 2. Bf4 g6 3. e3 Bg7 4. c3 d6 5. Nf3 O-O 6. Nbd2 Nbd7 7. Bc4 c6 8. h3
b5 9. Bb3 Bb7 10. O-O c5 11. dxc5 Nxc5 12. Bc2 Rc8 13. a3 a5 14. Re1 Rc7 15.
Bg3 Nce4 16. Nxe4 Nxe4 17. Bh2 Qa8 18. Rf1 Rfc8 19. Bb3 a4 20. Ba2 Rc5 21. Rc1
Rf5 22. Ne1 Rh5 23. f3 Nf6 24. Nd3 Nd5 25. Bxd5 Bxd5 26. Nf4 Bb3 27. Qe1 Rhc5
28. Nd3 Rd5 29. Nf4 Rdc5 1/2-1/2

[Event "First Saturday 2006 augusztus FM-B"]
[Site "Budapest"]
[Date "2006.08.17"]
[Round "13"]
[White "Lakat, Gyula"]
[Black "Katona, Gabor Zsolt"]
[Result "0-1"]
[WhiteElo "2005"]
[BlackElo "2064"]
[PlyCount "30"]
[EventDate "2006.08.05"]

1. e4 Nf6 2. Nc3 e5 3. f4 d5 4. exd5 Nxd5 5. Nxd5 Qxd5 6. fxe5 Qxe5+ 7. Qe2 Bd6
8. d4 Qe6 9. d5 Qxe2+ 10. Bxe2 Bf5 11. c3 O-O 12. Bd2 c6 13. dxc6 Nxc6 14.
O-O-O Rac8 15. b3 Ba3# 0-1

[Event "First Saturday 2006 augusztus FM-B"]
[Site "Budapest"]
[Date "2006.08.17"]
[Round "13"]
[White "Kormos, Adam"]
[Black "Papp, Jozsef"]
[Result "0-1"]
[WhiteElo "2021"]
[BlackElo "1889"]
[PlyCount "72"]
[EventDate "2006.08.05"]

1. e4 c5 2. Nf3 Nc6 3. d4 cxd4 4. Nxd4 Qc7 5. Nc3 a6 6. Be2 e6 7. Be3 Nf6 8.
O-O Bb4 9. Bd3 Be7 10. Kh1 Nxd4 11. Bxd4 d6 12. f4 e5 13. fxe5 dxe5 14. Be3 Be6
15. Qe1 O-O 16. Bg5 Rad8 17. Qh4 Rfe8 18. Nd5 Bxd5 19. exd5 e4 20. Be2 Nxd5 21.
c4 Bxg5 22. Qxg5 Nb4 23. Rf4 Nd3 24. Rh4 Qe5 25. Qe3 Qxb2 26. Rf1 Qd4 27. Qg3
Qe5 28. Qh3 h6 29. Bh5 Re7 30. Qe3 Qd4 31. Qg3 Rd6 32. Rg4 g6 33. h3 Rf6 34.
Rxf6 Qxf6 35. Bxg6 Nf2+ 36. Kh2 Nxg4+ 0-1